| 000 | 01111nam a2200205Ia 4500 | ||
|---|---|---|---|
| 003 | Ost | ||
| 005 | 20260507075649.0 | ||
| 008 | 260507s9999||||xx |||||||||||||| ||und|| | ||
| 020 | _a3855201977 | ||
| 040 | _cfsecg | ||
| 041 | _aara | ||
| 082 | _a1.4 | ||
| 100 |
_aالهادي، محمد محمد _eمؤلف |
||
| 245 | 0 |
_aأساليب إعداد وتوثيق البحوث العلمية / _c محمد محمد الهادي |
|
| 260 |
_aالقاهرة: _bالمكتبة الاكاديمية, _c1995 |
||
| 300 |
_a415 صفحة؛ _bإيضاحات ؛ _c24 سم |
||
| 520 | _aأبعاد البحث العلمي- تشخيص وحل المشكلات- الإستدلال المنطقي والفروض العلمية- مناهج البحث- طرق جمع البيانات- الطرق الإحصائية في البحوث العلمية- أساليب تحليل المعلومات- القراءة السريعة- الكتابة الفنية لتقارير البحوث- إرشادات عرض وطباعة التقارير- أساليب التوثيق. | ||
| 653 | _aالبحوث العلمية | ||
| 942 | _cكتاب | ||
| 999 |
_c45559 _d45559 |
||